| 000 | 00982nam a2200277 i 4500 | ||
|---|---|---|---|
| 001 | 000008154 | ||
| 003 | DO-SdBNP | ||
| 005 | 20240122135748.0 | ||
| 007 | ta | ||
| 008 | 090915s1993 dr 000 0 spa d | ||
| 040 |
_aDO-SdBNP _bspa _cDO-SdBNP _erda |
||
| 082 | 4 |
_a346.729304675 _bM843d _222 |
|
| 100 | 1 |
_aMoreno, Santa, _d1962- _922130 _eautor |
|
| 245 | 1 | 3 |
_aLa deforestación en República Dominicana y sus consecuencias jurídicas / _cSanta Moreno. |
| 264 |
_aSanto Domingo : _bBiblioteca República Dominicana, _c1993. |
||
| 300 |
_a119 páginas ; _c22 cm. |
||
| 336 |
_2rdacontent _atexto _btxt |
||
| 337 |
_2rdamedia _asin mediación _bn |
||
| 338 |
_2rdacarrier _avolumen _bnc |
||
| 500 | _aIncluye datos biográficos de la autora en la solapa de la contracubierta. | ||
| 590 | _aInventariado, 2018/LP | ||
| 650 | 4 |
_aDeforestación _xLegislación _zRepública Dominicana _922131 _2Lemb |
|
| 910 | _aValidado. Control de calidad MFF | ||
| 942 |
_2ddc _cLBS1 |
||
| 956 | _aVMateo | ||
| 999 |
_c7931 _d7931 |
||